000 00409nam a2200169Ia 4500
008 230917s9999||||xx |||||||||||||| ||und||
020 _cRS90
040 _e25273
_aMAIN
041 _aEnglish
082 _a338.521 G729M
100 _aGould, John P
245 0 _aMicroeconomic theory
250 _a6th ed.
260 _aDelhi
_bAll India Traveller Bookseller
_c1989
300 _axvi, 640 p.
942 _cBK
999 _c63731
_d63731